Learning rants, raves, and reflections : (Record no. 346921)

000 -LEADER
fixed length control field 01826 a2200217 4500
003 - CONTROL NUMBER IDENTIFIER
control field OSt
005 - DATE AND TIME OF LATEST TRANSACTION
control field 20180116182832.0
008 - FIXED-LENGTH DATA ELEMENTS--GENERAL INFORMATION
fixed length control field 160426b xxu||||| |||| 00| 0 eng d
020 ## - INTERNATIONAL STANDARD BOOK NUMBER
International Standard Book Number 0787973025 (hardcover)
020 ## - INTERNATIONAL STANDARD BOOK NUMBER
International Standard Book Number 9780787973025 (hardcover)
040 ## - CATALOGING SOURCE
Transcribing agency 0
082 04 - DEWEY DECIMAL CLASSIFICATION NUMBER
Classification number 658.3124
100 ## - MAIN ENTRY--PERSONAL NAME
Personal name Masie, Elliott.
245 10 - TITLE STATEMENT
Title Learning rants, raves, and reflections :
Remainder of title a collection of passionate and professional perspectives /
Statement of responsibility, etc. Elliott Masie.
260 ## - PUBLICATION, DISTRIBUTION, ETC.
Place of publication, distribution, etc. [S.l.] :
Name of publisher, distributor, etc. Pfeiffer,
Date of publication, distribution, etc. 2005.
300 ## - PHYSICAL DESCRIPTION
Extent 336 p. ;
Dimensions 24 cm.
520 ## - SUMMARY, ETC.
Summary, etc. Learning Rants, Raves, and Reflections offers a unique collection of passionate, provocative, and personal stories that show how technology is transforming how we learn today and reveals what we can expect in the future. Written to be highly accessible, this non-technological book about technology provides a general overview of the current world of e-learning and includes real-life case studies, actual examples from organizations, and valuable lessons learned. Learning Rants, Raves, and Reflections also examines the promise and failures e-learning and the evolving tools that are changing the face of training and education. Edited by industry leader Elliott Masie, the book includes seventeen passionate and personal perspectives from today’s most respected learning experts. These learning snapshots reflect the current and future state of the industry. Throughout the book, these expert contributors rant (tell of their experiences when learning was thwarted), rave (recount times when learning was enjoyable and successful), and reflect (thoughtfully explore the nature of learning and the learner)
700 ## - ADDED ENTRY--PERSONAL NAME
Personal name Masie, Elliott
856 ## - ELECTRONIC LOCATION AND ACCESS
Materials specified Amazon.com
Uniform Resource Identifier <a href="http://www.amazon.com/exec/obidos/ASIN/0787973025/chopaconline-2">http://www.amazon.com/exec/obidos/ASIN/0787973025/chopaconline-2</a>
942 ## - ADDED ENTRY ELEMENTS (KOHA)
Institution code [OBSOLETE] NBS
Koha item type Book
Call number prefix 658.3 ELL
Source of classification or shelving scheme
Holdings
Withdrawn status Lost status Damaged status Not for loan Permanent Location Current Location Date acquired Total Checkouts Full call number Barcode Date last seen Price effective from Koha item type
        Central Library (CL) Central Library (CL) 08/28/2013   658.3 ELL NBS6080 08/28/2013 08/28/2013 Book
© 2023 Central Library, National University of Sciences and Technology. All Rights Reserved.